Biochemical evolution /

Bibliographic Details
Main Author: Florkin, Marcel
Other Authors: Morgulis, Sergius, 1885-
Format: Book
Language:English
Published: New York : Academic Press, [1949]
Subjects:

MARC

Tag First Indicator Second Indicator Subfields
LEADER 00000cam a2200000 4500
001 in00000047380
005 20151007071443.0
008 750731s1949 nyua b 00000 eng u
010 |a  49007528  
035 |a (OCoLC)01495322 
035 |9 AAE6002AM 
040 |c FQG  |d MCL  |d TXA  |d UtOrBLW 
049 |a TXAM  |c [293719] 
050 0 0 |a QH345  |b .F513 
082 0 |a 574.19 
092 |a 574.19  |b F639b 
100 1 |a Florkin, Marcel. 
245 1 0 |a Biochemical evolution /  |c Ed., tr. and augm. by Sergius Morgulis. 
264 1 |a New York :  |b Academic Press,  |c [1949] 
300 |a vi, 157 pages :  |b illustrations ;  |c 24 cm. 
336 |a text  |b txt  |2 rdacontent 
337 |a unmediated  |b n  |2 rdamedia 
338 |a volume  |b nc  |2 rdacarrier 
500 |a "References": pages 130-143. 
650 0 |a Evolution. 
650 0 |a Biochemistry. 
700 1 |a Morgulis, Sergius,  |d 1885- 
999 |a MARS 
999 f f |s 2b9a9896-cbab-3c1e-bafa-00eb3d9988d8  |i 7b83129c-7a23-3e97-94c3-8320c2af1a76  |t 0 
952 f f |p ric  |a Texas A&M University  |b Rellis Campus  |c Joint Library Facility  |d Remote Storage  |t 0  |e QH345 .F513  |h Library of Congress classification  |i unmediated -- volume  |m A14800973187 
998 f f |a QH345 .F513  |t 0  |l Remote Storage